000 00792cab a2200253 4500
001 ABS47602
008 090401t1992 xxu||||| |||| 00| 0 eng d
035 _a(Sirsi) u62598
041 _aeng
245 _aEstates Times survey - Manchester update
260 _c1992
350 _a0
490 _aEstates Times
_v(1168) 20 November 1992, 13-21(7)
650 _aCHANNEL TUNNEL
650 _aGREATER MANCHESTER
650 _aPROPERTY-COMMERCIAL PROPERTY-OFFICE PROPERTY-OFFICE PROPERTY MARKET
650 _aOLDHAM
650 _aOLYMPIC GAMES 2000
650 _aPROPERTY-COMMERCIAL PROPERTY-RETAIL PROPERTY-RETAIL PROPERTY MARKET
650 _aUNITARY DEVELOPMENT PLANS
690 _aPROPERTY-COMMERCIAL PROPERTY-COMMERCIAL PROPERTY MARKET
942 _n0
948 _c04/03/1997
999 _c38873
_d38873